Statistics for Famous Fashion Designers

Click here to take the quiz!

General Stats

  • This quiz has been taken 309 times
  • The average score is 12 of 15

Answer Stats

Hint Answer % Correct
Ve_sacer
99%
Giorgio ___Armani
97%
___ ChanelCoco
96%
___ LaurenRalph
93%
___ KorsMichael
93%
___ DiorChristian
92%
___ McQueenAlexander
89%
M_schinoo
88%
___ McCartneyStella
86%
Louis ___Vuitton
84%
Vivienne ___Westwood
74%
Bur___berry
64%
Betsey ___Johnson
42%
___ PucciEmilio
38%
Oleg ___Cassini
22%

Score Distribution

Percentile by Number Answered

Percent of People with Each Score

Your Score History

You have not taken this quiz